[Event "World Junior Chess Championship U18 g"]
[Site "Gaziantep"]
[Date "2008.08.12"]
[Round "10.16"]
[White "Isgandarova, Khayala"]
[Black "Tsatsalashvili, Keti"]
[Result "0-1"]
[WhiteElo "2207"]
[BlackElo "2271"]
[PlyCount "92"]
[EventDate "2008.08.??"]
[EventType "swiss"]
[EventRounds "13"]
[EventCountry "TUR"]

1. e4 c5 2. Nc3 e6 3. d3 Nc6 4. g3 g6 5. Bg2 Bg7 6. Be3 d6 7. Qd2 Qa5 8. Nge2
Nd4 9. Nc1 Ne7 10. O-O Rb8 11. Nb3 Qb4 12. Rfc1 a5 13. a4 Nxb3 14. cxb3 Bd7 15.
Bh6 Be5 16. Qc2 Qb6 17. Ne2 Nc6 18. Be3 O-O 19. f4 Bd4 20. Nxd4 cxd4 21. Bd2 e5
22. f5 Rfc8 23. Qd1 f6 24. Qf3 Kg7 25. Rf1 Rf8 26. h4 Qd8 27. g4 g5 28. Kf2 h6
29. Rh1 Rh8 30. hxg5 hxg5 31. Rxh8 Qxh8 32. Rh1 Qg8 33. Bxg5 fxg5 34. Rh5 Kf6
35. Qh3 Be8 36. Rh8 Qxb3 37. Qh6+ Ke7 38. Qf8+ Kd8 39. Qf6+ Kc7 40. Rh7+ Kb6
41. Qxd6 Ka7 42. f6 Rd8 43. Qc7 Qb6 44. Bf3 Qxc7 45. Rxc7 Bd7 46. f7 Be6 0-1

[Event "World Junior Chess Championship U18 g"]
[Site "Gaziantep"]
[Date "2008.08.12"]
[Round "10.17"]
[White "Klimets, Elena"]
[Black "Pourkashiyan, Atousa"]
[Result "0-1"]
[WhiteElo "2150"]
[BlackElo "2269"]
[PlyCount "60"]
[EventDate "2008.08.??"]
[EventType "swiss"]
[EventRounds "13"]
[EventCountry "TUR"]

1. d4 Nf6 2. Nf3 e6 3. e3 b6 4. Bd3 Bb7 5. O-O c5 6. b3 Be7 7. Bb2 Nc6 8. a3
O-O 9. Nbd2 d5 10. Qe2 a5 11. dxc5 bxc5 12. e4 Re8 13. e5 Nd7 14. c4 Bf8 15. h4
g6 16. Ng5 Ncxe5 17. Bxe5 Nxe5 18. Qxe5 f6 19. Nxe6 fxe5 20. Nxd8 Rexd8 21.
cxd5 Bxd5 22. Be4 a4 23. Rfb1 axb3 24. Bxd5+ Rxd5 25. Rb2 Rxd2 26. Rxd2 c4 27.
Re1 c3 28. Rd7 Rc8 29. Rb7 b2 30. a4 Ba3 0-1

[Event "World Junior Chess Championship U18 g"]
[Site "Gaziantep"]
[Date "2008.08.12"]
[Round "10.18"]
[White "Davletbazeva, Madina"]
[Black "Padmini, Rout"]
[Result "1-0"]
[WhiteElo "2155"]
[BlackElo "2257"]
[PlyCount "97"]
[EventDate "2008.08.??"]
[EventType "swiss"]
[EventRounds "13"]
[EventCountry "TUR"]

1. e4 c5 2. c3 Nf6 3. e5 Nd5 4. Nf3 Nc6 5. Bc4 Nb6 6. Bb3 d5 7. exd6 Qxd6 8.
O-O c4 9. Bc2 Bg4 10. h3 Bh5 11. Re1 e6 12. b3 O-O-O 13. Na3 Qf4 14. Nxc4 Nxc4
15. bxc4 Qxc4 16. Be4 Bg6 17. Qc2 Bc5 18. Qb3 Qa6 19. d4 Bxe4 20. Rxe4 Bb6 21.
Bf4 Rd5 22. Rb1 Rhd8 23. Ne5 Nxe5 24. Bxe5 Ra5 25. Rb2 Ra3 26. Qc2 Qc4 27. Re3
f6 28. Bg3 g6 29. Rb4 Qd5 30. Qe2 e5 31. Rf3 Qxa2 32. Qxa2 Rxa2 33. Rxf6 exd4
34. Rc4+ Kd7 35. cxd4 Rc8 36. Rd6+ Ke7 37. Rxc8 Ra1+ 38. Kh2 Ra3 39. Rd5 Ke6
40. Rd6+ Ke7 41. Rxb6 axb6 42. Rc7+ Ke6 43. Rxh7 Kd5 44. Rxb7 Rb3 45. Be5 b5
46. Rb6 g5 47. Bf6 b4 48. Be7 Ke4 49. Rxb4 1-0

[Event "World Junior Chess Championship U18 g"]
[Site "Gaziantep"]
[Date "2008.08.12"]
[Round "10.19"]
[White "Yildiz, Betül Cemre"]
[Black "Hegarty, Sarah"]
[Result "1-0"]
[WhiteElo "2236"]
[BlackElo "1966"]
[PlyCount "85"]
[EventDate "2008.08.??"]
[EventType "swiss"]
[EventRounds "13"]
[EventCountry "TUR"]

1. e4 c5 2. Nf3 Nc6 3. Bb5 g6 4. O-O Bg7 5. Re1 Nf6 6. c3 O-O 7. h3 Qb6 8. Na3
d6 9. d4 cxd4 10. cxd4 a6 11. Bxc6 bxc6 12. Qc2 d5 13. e5 Ne4 14. Be3 Rb8 15.
b3 f5 16. exf6 exf6 17. Bf4 Ra8 18. Rac1 Bd7 19. Nc4 Qa7 20. Nb2 Rac8 21. Nd3
g5 22. Bh2 g4 23. hxg4 Bxg4 24. Qb2 Bxf3 25. gxf3 Ng5 26. Kg2 Qd7 27. Nf4 Bh6
28. Qa3 Rce8 29. Qxa6 Qg7 30. Rxe8 Rxe8 31. Qxc6 Rd8 32. Nh5 Qg6 33. Nxf6+ Kh8
34. Ng4 Ne6 35. Be5+ Kg8 36. Rc2 Bf4 37. Bf6 Re8 38. Re2 Be5 39. Rxe5 Nf4+ 40.
Kh2 Rxe5 41. dxe5 h5 42. Qc8+ Kf7 43. e6+ 1-0

[Event "World Junior Chess Championship U18 g"]
[Site "Gaziantep"]
[Date "2008.08.12"]
[Round "10.20"]
[White "Sgircea, Silvia-Raluca"]
[Black "Toth, Sarolta"]
[Result "1-0"]
[WhiteElo "2167"]
[BlackElo "2151"]
[PlyCount "65"]
[EventDate "2008.08.??"]
[EventType "swiss"]
[EventRounds "13"]
[EventCountry "TUR"]

1. Nf3 c5 2. c4 Nf6 3. d4 cxd4 4. Nxd4 e6 5. g3 a6 6. Bg2 Qc7 7. b3 Be7 8. O-O
d6 9. e4 Bd7 10. Bb2 Nc6 11. Nc3 Rc8 12. Rc1 Qb8 13. Kh1 O-O 14. f4 Nxd4 15.
Qxd4 Bc6 16. e5 dxe5 17. fxe5 Bxg2+ 18. Kxg2 Rcd8 19. Qf4 Nd7 20. Ne4 Nc5 21.
Nxc5 Bxc5 22. Bc3 Rd3 23. Rf3 Qd8 24. Qe4 Rd2+ 25. Kh1 Rxa2 26. b4 Qg5 27. Re1
Qh6 28. Re2 Rxe2 29. Qxe2 Qc1+ 30. Kg2 Qg1+ 31. Kh3 Be7 32. c5 Rd8 33. Rf1 1-0

[Event "World Junior Chess Championship U18 g"]
[Site "Gaziantep"]
[Date "2008.08.12"]
[Round "10.21"]
[White "Hamrakulova, Yulduz"]
[Black "Tjolsen, Katrine"]
[Result "1/2-1/2"]
[WhiteElo "2145"]
[BlackElo "2121"]
[PlyCount "228"]
[EventDate "2008.08.??"]
[EventType "swiss"]
[EventRounds "13"]
[EventCountry "TUR"]

1. d4 d5 2. c4 c6 3. e3 Nf6 4. Nf3 e6 5. Bd3 Nbd7 6. Nbd2 Bd6 7. O-O O-O 8. e4
dxe4 9. Nxe4 Nxe4 10. Bxe4 Nf6 11. Bc2 b6 12. Qd3 h6 13. b3 Qe7 14. Bb2 Ba3 15.
Bxa3 Qxa3 16. Ne5 Bb7 17. Nd7 Rfd8 18. Nxf6+ gxf6 19. Qh7+ Kf8 20. Rfd1 Ke7 21.
Qxh6 Qb2 22. Qc1 Qxc1 23. Raxc1 Rd7 24. Rd3 Rad8 25. Rcd1 f5 26. f4 Kf6 27. Kf2
Rh8 28. Kg1 Rg8 29. g3 Rh8 30. h4 Rhd8 31. Kf2 Ke7 32. Ke3 Rg8 33. Rg1 c5 34.
dxc5 Rxd3+ 35. Bxd3 bxc5 36. Be2 Rd8 37. a3 a5 38. b4 axb4 39. axb4 cxb4 40.
Rb1 Kf6 41. Rxb4 Bc6 42. Rb6 Bh1 43. Rb3 Ke7 44. Ra3 Rd7 45. c5 Rc7 46. Kd4 f6
47. Bf3 Bxf3 48. Rxf3 Ra7 49. Kc4 Ra1 50. Rd3 e5 51. fxe5 fxe5 52. Kd5 Kf6 53.
c6 Rc1 54. Kd6 e4 55. Rd2 e3 56. Re2 Rc3 57. Kd7 Rd3+ 58. Ke8 Rc3 59. Kd7 Rd3+
60. Ke8 Rc3 61. c7 Rxc7 62. Rxe3 Ra7 63. Rb3 Re7+ 64. Kd8 Re4 65. Rf3 Rd4+ 66.
Ke8 Re4+ 67. Kd7 Rd4+ 68. Kc6 Kg6 69. Kc5 Rd8 70. Kc4 Rc8+ 71. Kd4 Rd8+ 72. Ke3
Re8+ 73. Kf2 Ra8 74. Rb3 Ra6 75. Kf3 Rc6 76. Rd3 Re6 77. Rd8 Ra6 78. Rd3 Re6
79. Rd5 Ra6 80. Kg2 Rb6 81. Rd4 Ra6 82. Kf3 Rb6 83. Kf4 Ra6 84. Rb4 Rc6 85. Rd4
Re6 86. h5+ Kf6 87. h6 Kg6 88. h7 Kxh7 89. Kxf5 Ra6 90. Rd5 Kg7 91. Rd7+ Kg8
92. g4 Rb6 93. Re7 Ra6 94. Re8+ Kg7 95. Re5 Rb6 96. g5 Ra6 97. Re7+ Kg8 98. Kg4
Rb6 99. Kh5 Ra6 100. Re3 Kg7 101. Rf3 Rb6 102. Ra3 Rc6 103. Ra7+ Kg8 104. g6
Rc1 105. Ra4 Rh1+ 106. Rh4 Rxh4+ 107. Kxh4 Kg7 108. Kg5 Kg8 109. Kf5 Kg7 110.
Kg5 Kg8 111. Kf6 Kf8 112. Kg5 Kg7 113. Kf5 Kg8 114. Kf6 Kf8 1/2-1/2

[Event "World Junior Chess Championship U18 g"]
[Site "Gaziantep"]
[Date "2008.08.12"]
[Round "10.22"]
[White "Acar, Gizem"]
[Black "Daulyte, Deimante"]
[Result "0-1"]
[WhiteElo "1931"]
[BlackElo "2288"]
[PlyCount "118"]
[EventDate "2008.08.??"]
[EventType "swiss"]
[EventRounds "13"]
[EventCountry "TUR"]

1. e4 e5 2. Nf3 Nc6 3. Bc4 Nf6 4. d3 h6 5. O-O d6 6. c3 g6 7. d4 Qe7 8. Nbd2
Bg7 9. h3 O-O 10. Re1 Bd7 11. Nf1 Rae8 12. Ng3 Kh8 13. a4 Ng8 14. dxe5 dxe5 15.
b3 Qd8 16. Ba3 Nge7 17. Qc2 Na5 18. Bf1 Be6 19. c4 Qc8 20. b4 Nac6 21. b5 Nd4
22. Nxd4 exd4 23. Rad1 c5 24. bxc6 Qxc6 25. e5 Rg8 26. Bd6 Nf5 27. Ne4 Bd7 28.
c5 Qxa4 29. Qxa4 Bxa4 30. Ra1 Bc6 31. Bc4 Bxe4 32. Bxf7 Bc6 33. e6 Ra8 34. Bxg8
Kxg8 35. Be5 Bxe5 36. Rxe5 a5 37. Ra3 a4 38. Kf1 d3 39. Ke1 Bb5 40. Kd2 Kf8 41.
Re4 Ke7 42. Rb4 Ra5 43. Rg4 Kxe6 44. Rxg6+ Kd5 45. Rf6 Nd4 46. Rxh6 Nc2 47.
Rh5+ Kc6 48. Rh6+ Kc7 49. Ra2 a3 50. Rh4 Kc6 51. Kc3 Ra8 52. Rh6+ Kxc5 53. Rh5+
Kb6 54. Rh4 Rd8 55. Kd2 Kc5 56. Rh7 Bc6 57. g4 Kc4 58. f4 Kb3 59. Rxa3+ Nxa3
0-1

[Event "World Junior Chess Championship U18 g"]
[Site "Gaziantep"]
[Date "2008.08.12"]
[Round "10.23"]
[White "Leks, Hanna"]
[Black "Chierici, Marianna"]
[Result "1-0"]
[WhiteElo "2198"]
[BlackElo "2037"]
[PlyCount "127"]
[EventDate "2008.08.??"]
[EventType "swiss"]
[EventRounds "13"]
[EventCountry "TUR"]

1. e4 c5 2. Nf3 Nc6 3. d4 cxd4 4. Nxd4 e5 5. Nb5 d6 6. c4 f5 7. N1c3 a6 8. Bg5
Qd7 9. Nd5 axb5 10. cxb5 Nce7 11. Nb6 Qd8 12. Nxa8 Qa5+ 13. Qd2 Qxa8 14. Qxd6
Nc6 15. Qc7 Qa5+ 16. Qxa5 Nxa5 17. Bd2 b6 18. Rc1 Kd8 19. Be3 Bb4+ 20. Kd1 Be6
21. Bxb6+ Ke7 22. Rc7+ Kf6 23. a3 Bb3+ 24. Kc1 Bd6 25. Bxa5 Bxc7 26. Bxc7 Ne7
27. Bd3 Rc8 28. b6 fxe4 29. Bxe4 Bd5 30. Bxd5 Nxd5 31. Kd2 Nxc7 32. bxc7 Rxc7
33. b4 Ke6 34. Rc1 Rf7 35. f3 e4 36. Ke3 exf3 37. gxf3 Ra7 38. Rc3 Kd5 39. Kd3
Rf7 40. Kc2 g5 41. a4 h5 42. Rc5+ Kd4 43. Rc3 g4 44. fxg4 Rf2+ 45. Kb3 hxg4 46.
Rc4+ Kd5 47. Rxg4 Rxh2 48. a5 Kc6 49. Rc4+ Kb5 50. Rc5+ Ka6 51. Rc6+ Kb7 52. b5
Rh3+ 53. Kb4 Rh4+ 54. Rc4 Rh5 55. a6+ Kb6 56. Rc6+ Ka7 57. Rc7+ Ka8 58. b6 Rh4+
59. Rc4 Rh8 60. Kb5 Rh5+ 61. Rc5 Rh8 62. a7 Kb7 63. Rc7+ Ka8 64. Ka6 1-0

[Event "World Junior Chess Championship U18 g"]
[Site "Gaziantep"]
[Date "2008.08.12"]
[Round "10.24"]
[White "Shamima, Akter"]
[Black "Bayrak, Asli"]
[Result "1-0"]
[WhiteElo "2099"]
[BlackElo "2013"]
[PlyCount "69"]
[EventDate "2008.08.??"]
[EventType "swiss"]
[EventRounds "13"]
[EventCountry "TUR"]

1. d4 d5 2. c4 c6 3. Nc3 Nf6 4. Nf3 dxc4 5. a4 Bf5 6. e3 e6 7. Bxc4 Bb4 8. O-O
Nbd7 9. Qe2 Bg4 10. e4 O-O 11. Rd1 Qa5 12. e5 Nd5 13. Nxd5 cxd5 14. Bd3 Qb6 15.
Bxh7+ Kh8 16. Bb1 Rac8 17. h3 Bf5 18. Bxf5 exf5 19. Nh4 g6 20. Rd3 Rc6 21. Bg5
Rfc8 22. Qf3 Bf8 23. Qxd5 Qxb2 24. Rad1 R6c7 25. e6 Nb6 26. Qe5+ Kh7 27. exf7
Qa2 28. d5 Rxf7 29. Qe6 Rg7 30. Bf6 Rd7 31. Be5 Bg7 32. Qxg6+ Kh8 33. Qxf5 Bxe5
34. Qxe5+ Kg8 35. Rg3+ 1-0

[Event "World Junior Chess Championship U18 g"]
[Site "Gaziantep"]
[Date "2008.08.12"]
[Round "10.25"]
[White "Misovic, Sanja"]
[Black "Ikonomopoulou, Maria"]
[Result "1-0"]
[WhiteElo "1914"]
[BlackElo "2074"]
[PlyCount "89"]
[EventDate "2008.08.??"]
[EventType "swiss"]
[EventRounds "13"]
[EventCountry "TUR"]

1. d4 d5 2. c4 e6 3. Nc3 c5 4. cxd5 cxd4 5. Qa4+ Bd7 6. Qxd4 exd5 7. Nf3 Nc6 8.
Qxd5 Nf6 9. Qd1 Bc5 10. Bg5 Qb6 11. e3 Qxb2 12. Bxf6 gxf6 13. Nd5 Nb4 14. Rb1
Nc2+ 15. Kd2 Qxa2 16. Nxf6+ Ke7 17. Qxc2 Qxc2+ 18. Kxc2 Ba4+ 19. Kd2 Kxf6 20.
Rxb7 Bb6 21. Bc4 Rhf8 22. Nd4 Bxd4 23. exd4 Bc6 24. Rc7 Bxg2 25. Ra1 a5 26. Bb3
Be4 27. Ke3 Bg6 28. d5 Rfb8 29. Ba4 Rb4 30. f3 Rd8 31. Bc6 Rb3+ 32. Kf2 Rb2+
33. Kg3 Ke5 34. Rxa5 Rg8 35. f4+ Kd4 36. Ra4+ Ke3 37. Re7+ Kd2 38. Kf3 Rb3+ 39.
Kf2 Rb2 40. Re2+ Kc3 41. Ra7 Rb1 42. d6 Bd3 43. Ra3+ Rb3 44. Rxb3+ Kxb3 45. Re8
1-0

[Event "World Junior Chess Championship U18 g"]
[Site "Gaziantep"]
[Date "2008.08.12"]
[Round "10.26"]
[White "Wiid, Daleen"]
[Black "Berke, Ana"]
[Result "1-0"]
[WhiteElo "1931"]
[BlackElo "2100"]
[PlyCount "63"]
[EventDate "2008.08.??"]
[EventType "swiss"]
[EventRounds "13"]
[EventCountry "TUR"]

1. e4 c5 2. c3 Nf6 3. e5 Nd5 4. d4 cxd4 5. cxd4 Nc6 6. Nf3 e6 7. Bc4 d6 8. exd6
Bxd6 9. O-O O-O 10. Nc3 Nxc3 11. bxc3 a6 12. Bb3 b5 13. Qd3 g6 14. Bh6 Re8 15.
Qe4 Bb7 16. Qg4 Rc8 17. Qh3 Na5 18. Ng5 Nxb3 19. axb3 e5 20. Nxh7 exd4 21. Bg5
Be7 22. Rfe1 Bxg5 23. Rxe8+ Qxe8 24. Nxg5 Kg7 25. cxd4 Qe7 26. Qh7+ Kf6 27. Qh4
Kg7 28. Qh7+ Kf6 29. Qh4 Qe2 30. Qf4+ Kg7 31. Qxf7+ Kh6 32. h4 1-0

[Event "World Junior Chess Championship U18 g"]
[Site "Gaziantep"]
[Date "2008.08.12"]
[Round "10.27"]
[White "Efroimski, Marsel"]
[Black "Middelveld, Martine"]
[Result "0-1"]
[WhiteElo "2091"]
[BlackElo "2073"]
[PlyCount "76"]
[EventDate "2008.08.??"]
[EventType "swiss"]
[EventRounds "13"]
[EventCountry "TUR"]

1. e4 e6 2. d4 d5 3. Nd2 Nf6 4. e5 Nfd7 5. c3 c5 6. Ngf3 Nc6 7. Bd3 g6 8. h4
Be7 9. h5 g5 10. h6 Qb6 11. Rh5 cxd4 12. cxd4 Nxd4 13. Nxd4 Qxd4 14. Nf3 Qg4
15. Nxg5 Bb4+ 16. Bd2 Bxd2+ 17. Kxd2 Qf4+ 18. Ke1 Nxe5 19. g3 Qb4+ 20. Kf1 Nxd3
21. Qxd3 Bd7 22. Kg2 Qc4 23. Qf3 f5 24. Rh4 Qc5 25. Re1 O-O-O 26. Nf7 Bc6 27.
Qf4 d4+ 28. Kh2 d3 29. Nxd8 Rxd8 30. Rd1 Qd5 31. f3 d2 32. Kg2 Qd3 33. Rhh1
Qe2+ 34. Kh3 Bxf3 35. Rhg1 Bg4+ 36. Kh4 Qh2+ 37. Kg5 Qh5+ 38. Kf6 Qg6+ 0-1

[Event "World Junior Chess Championship U18 g"]
[Site "Gaziantep"]
[Date "2008.08.12"]
[Round "10.28"]
[White "Boyarchenko, Marie"]
[Black "Kalashyan, Varduhi"]
[Result "0-1"]
[WhiteElo "1895"]
[BlackElo "2049"]
[PlyCount "74"]
[EventDate "2008.08.??"]
[EventType "swiss"]
[EventRounds "13"]
[EventCountry "TUR"]

1. e4 c5 2. Nf3 d6 3. d4 cxd4 4. Nxd4 Nf6 5. Nc3 a6 6. Be2 e6 7. O-O Be7 8. a4
O-O 9. f4 Qc7 10. Bf3 Nc6 11. Nb3 Rb8 12. Kh1 Re8 13. g4 b6 14. Bg2 Nd7 15. g5
Nc5 16. Qh5 Nxb3 17. cxb3 Nd4 18. Be3 Nc2 19. Rac1 Nxe3 20. Nd5 Qd8 21. Nxe3 g6
22. Qf3 Bf8 23. h4 Bb7 24. h5 Bg7 25. Rc2 f5 26. gxf6 Qxf6 27. Kg1 Rf8 28. Rcf2
Rbc8 29. Nc4 Rcd8 30. hxg6 Qxg6 31. Qe3 b5 32. axb5 axb5 33. Na5 Ba8 34. b4 d5
35. Kh2 dxe4 36. Re2 Qh5+ 37. Kg1 Bd4 0-1

[Event "World Junior Chess Championship U18 g"]
[Site "Gaziantep"]
[Date "2008.08.12"]
[Round "10.30"]
[White "Antonova, Nadezhda"]
[Black "Karayaylali, Pinar"]
[Result "1/2-1/2"]
[WhiteElo "1883"]
[BlackElo "1597"]
[PlyCount "172"]
[EventDate "2008.08.??"]
[EventType "swiss"]
[EventRounds "13"]
[EventCountry "TUR"]

1. d4 e6 2. c4 Nf6 3. Nf3 Bb4+ 4. Nbd2 O-O 5. a3 Bxd2+ 6. Bxd2 b6 7. g3 Bb7 8.
Bg2 d5 9. cxd5 exd5 10. O-O Nbd7 11. Rc1 Ne4 12. Bf4 c5 13. dxc5 bxc5 14. b4
Qe7 15. bxc5 Ndxc5 16. Nd4 Ne6 17. Be3 Nxd4 18. Bxd4 Rac8 19. Qd3 a6 20. e3 Nc5
21. Qb1 Ne6 22. Bc3 Rfd8 23. Qb2 f6 24. Bh3 Bc6 25. Qb6 Bd7 26. Bb4 Qe8 27.
Qxa6 Ng5 28. Bxd7 Qxd7 29. Qd3 Rxc1 30. Rxc1 Nf3+ 31. Kg2 Qg4 32. Qd1 Nh4+ 33.
Kf1 Nf3 34. Rb1 Qh3+ 35. Ke2 Qg4 36. h3 Nd4+ 37. Kd2 Nf3+ 38. Kc2 Qc4+ 39. Kb2
Ne5 40. Qd2 Nd3+ 41. Ka1 Ra8 42. f4 Nxb4 43. Rxb4 Rxa3+ 44. Kb1 Qf1+ 45. Kc2
Ra2+ 46. Rb2 Qc4+ 47. Kb1 Rxb2+ 48. Kxb2 Qb5+ 49. Ka3 Qa6+ 50. Kb4 Qb6+ 51. Ka4
Qc6+ 52. Kb3 Qc4+ 53. Kb2 Qb5+ 54. Kc1 Qf1+ 55. Qd1 Qc4+ 56. Kd2 Qe4 57. Qe2
Qb4+ 58. Kc2 Qc5+ 59. Kb3 Qb6+ 60. Ka4 Kf8 61. Qd3 Qc6+ 62. Ka5 Qc7+ 63. Kb5
Qd7+ 64. Kc5 Qxh3 65. Kxd5 Qd7+ 66. Ke4 Qxd3+ 67. Kxd3 Ke7 68. Ke4 Ke6 69. f5+
Kd6 70. g4 g6 71. Kf4 g5+ 72. Ke4 Kc5 73. Kd3 Kd5 74. e4+ Ke5 75. Ke3 h6 76.
Kf3 Kd4 77. e5 Kxe5 78. Ke3 h5 79. gxh5 Kxf5 80. Kf3 g4+ 81. Kg3 Kg5 82. h6
Kxh6 83. Kxg4 Kg6 84. Kf4 f5 85. Kf3 Kg5 86. Kg3 f4+ 1/2-1/2